Operativnyj učet i analiz ispol'zovanija materialov

Gespeichert in:
Bibliographische Detailangaben
1. Verfasser: Achmedov, Mirza Jejnalobddy Ogly
Format: Buch
Sprache:Russisch
Veröffentlicht: Moskva Finansy i statistika 1986
Tags: Tag hinzufügen
Keine Tags, Fügen Sie das erste Tag hinzu!

MARC

LEADER 00000nam a2200000 4500
001 c103424
005 20041019155129.3
041 0 |a rus 
044 |a RU 
245 1 0 |a Operativnyj učet i analiz ispol'zovanija materialov  |c Mirza Jejnalobddy Ogly Achmedov 
264 1 |a Moskva  |b Finansy i statistika  |c 1986 
300 |a 125 s. 
100 1 |a Achmedov, Mirza Jejnalobddy Ogly